[Event "North Island-ch"]
[Site "Wellington"]
[Date "2021.04.02"]
[Round "1"]
[White "Piwari, Dylan Tama"]
[Black "Dharmasena, Kian"]
[Result "1-0"]
[WhiteElo "1969"]
[BlackElo "1545"]
[PlyCount "59"]
[EventDate "2021.04.02"]
[EventType "swiss"]
[EventRounds "8"]
[EventCountry "NZL"]
[SourceTitle "EXT 2024"]
[Source "ChessBase"]
[SourceDate "2023.10.10"]
[SourceVersion "1"]
[SourceVersionDate "2023.10.10"]
[SourceQuality "1"]

1. c4 e5 2. Nc3 Nc6 3. Nf3 Nf6 4. e3 Bb4 5. Qc2 Bxc3 6. Qxc3 e4 7. Ne5 0-0 8. Nxc6 dxc6 9. Be2 Bg4 10. Bxg4 Nxg4 11. h3 Qh4 12. 0-0 Rfe8 13. hxg4 Re6 14. f3 Rh6 15. Qe5 exf3 16. Rxf3 Qh1+ 17. Kf2 Qd1 18. b3 f6 19. Qd4 c5 20. Qd5+ Kh8 21. Bb2 Qc2 22. Bc3 Qg6 23. Qf5 Qe8 24. Qxc5 Rg6 25. Rh1 Rxg4 26. Qh5 Qxh5 27. Rxh5 Rd8 28. Rfh3 h6 29. Rxh6+ gxh6 30. Bxf6+ 1-0